Organic structural spectroscopy / (رقم التسجيلة. 26774)

تفاصيل مارك
000 -الفاتح
حقل البيانات ثابتة الطول 01000cam a2200289 a 4500
001 - رقم الضبط
رقم الضبط 16379221
003 - محدد رقم الضبط
رقم الضبط OSt
005 - وقت وتاريخ اخر تعامل مع التسجيلة
رقم الضبط 20170112083445.0
008 - عناصر البيانات ثابتة الطول - معلومات عامة
حقل البيانات ثابتة الطول 100806s2011 njua b 001 0 eng
010 ## - رقم ضبط مكتبة الكونجرس
رقم ضبط مكتبة الكونجرس 2010031837
020 ## - الرقم الدولى المعيارى للكتب
الرقم الدولى المعيارى للكتاب 9780321640062
035 ## - رقم ضبط النظام
رقم ضبط النظام (OCoLC)ocn653842778
040 ## - مصدر الفهرسة
وكالة الفهرسة الأصلية DLC
وكالة النسخ DLC
وكالة التعديل YDX
-- YDXCP
-- CDX
-- BWX
-- DLC
050 00 - رقم طلب مكتبة الكونجرس
رقم التصنيف QD272.S6
رقم المادة O74 2011
082 00 - رقم تصنيف ديوى العشرى
رقم التصنيف 543.5
رقم الطبعة 22
رقم المادة ORS
245 00 - بيان العنوان
العنوان Organic structural spectroscopy /
بيان المسئوليه,etc Joseph B. Lambert ... [et al.].
250 ## - بيان الطبعة
بيان الطبعة 2nd ed.
260 ## - PUBLICATION, DISTRIBUTION, ETC. (IMPRINT)
مكان الناشر او الموزع Upper Saddle River, N.J. :
اسم الناشر او الموزع Pearson Prentice Hall,
تاريخ النشر أو التوزيع c2011.
300 ## - الوصف المادى
التعداد xiii, 533 p. :
تفاصيل ماديه اخرى للوعاء ill. ;
أبعاد الوعاء 29 cm.
504 ## - تبصرة ببليوجرافية
تبصرة ببليوجرافية,الخ Includes bibliographical references and index.
650 #0 - المدخل الاضافى بالموضوع-مصطلح موضوعى
مصطلح موضوعي أو اسم جغرافي كعنصر مدخل Organic compounds
التقسيم الفرعي العام Analysis.
9 (RLIN) 19425
650 #0 - المدخل الاضافى بالموضوع-مصطلح موضوعى
مصطلح موضوعي أو اسم جغرافي كعنصر مدخل Spectrum analysis.
9 (RLIN) 19426
700 1# - المدخل الاضافى - اسم شخصى
الإسم الشخصى Lambert, Joseph B.
9 (RLIN) 19427
906 ## - عنصر بيانات محلى F, LDF (RLIN)
a 7
b cbc
c orignew
d 1
e ecip
f 20
g y-gencatlg
942 ## - عناصر المدخل الإضافي( كوها)
مصدر التصنيف او مخطط الترفيف Dewey Decimal Classification
Koha [default] item type DVD
المقتنيات
حالة الفقد نموذج السعر الفعال حالة تلف ليس للاعارة رقم الطلب تاريخ الاكتساب الموقع الحالي الباركود الفرع الرئيسي Date last seen نوع المادة فى نظام كوها مصدر التصنيف او خطة الترفيف Total Checkouts
  2013-03-10     543.5 ORS 2012-12-31 المكتبة المركزية بالمجمعة (CL) 00401208 المكتبة المركزية بالمجمعة (CL) 2013-03-10 كتاب Dewey Decimal Classification  
  2013-03-10     543.5 ORS 2013-01-01 المكتبة المركزية بالمجمعة (CL) 00401582 المكتبة المركزية بالمجمعة (CL) 2013-03-10 كتاب Dewey Decimal Classification  
  2013-03-10     543.5 ORS 2013-01-01 المكتبة المركزية بالمجمعة (CL) 00401583 المكتبة المركزية بالمجمعة (CL) 2013-03-10 كتاب Dewey Decimal Classification